书目信息 |
| 题名: |
应用随机过程
|
|
| 作者: | 朱宁 , 张茂军 主编 | |
| 分册: | ||
| 出版信息: | 北京 中国统计出版社 2018.08 |
|
| 页数: | 242页 | |
| 开本: | 24cm | |
| 丛书名: | ||
| 单 册: | ||
| 中图分类: | O211.6 | |
| 科图分类: | ||
| 主题词: | 随机过程--sui ji guo cheng | |
| 电子资源: | ||
| ISBN: | 978-7-5037-8615-0 | |
| 000 | 00911nam0 2200253 450 | |
| 001 | 202019135521 | |
| 005 | 20191007123107.0 | |
| 010 | @a978-7-5037-8615-0@dCNY68.00 | |
| 100 | @a20191004d2018 em y0chiy50 ea | |
| 101 | 0 | @achi |
| 102 | @aCN@b110000 | |
| 105 | @aak a 000yy | |
| 106 | @ar | |
| 200 | 1 | @a应用随机过程@Aying yong sui ji guo cheng@f朱宁, 张茂军主编 |
| 210 | @a北京@c中国统计出版社@d2018.08 | |
| 215 | @a242页@c图@d24cm | |
| 320 | @a有书目 (第241-242页) | |
| 330 | @a本书作为以工科为主的综合类本科院校, 研究生专业方向差异较大, 基础参差不齐。为了鼓励学生将理论知识与专业研究紧密结合起来, 培养应用型人才, 必须加强学生应用数学的能力, 提高学生将专业问题转化为数学模型的能力。 | |
| 606 | 0 | @a随机过程@Asui ji guo cheng |
| 690 | @aO211.6@v5 | |
| 701 | 0 | @a朱宁@Azhu ning@4主编 |
| 701 | 0 | @a张茂军@Azhang mao jun@4主编 |
| 801 | 0 | @aCN@c20190905 |
| 905 | @a河南城建学院图书馆@dO211.6@eZ862 | |
| 应用随机过程/朱宁, 张茂军主编.-北京:中国统计出版社,2018.08 |
| 242页:图;24cm |
| ISBN 978-7-5037-8615-0:CNY68.00 |
| 本书作为以工科为主的综合类本科院校, 研究生专业方向差异较大, 基础参差不齐。为了鼓励学生将理论知识与专业研究紧密结合起来, 培养应用型人才, 必须加强学生应用数学的能力, 提高学生将专业问题转化为数学模型的能力。 |
| ● |
| 相关链接 |
|
|
|
正题名:应用随机过程
索取号:O211.6/Z862
 
预约/预借
| 序号 | 登录号 | 条形码 | 馆藏地/架位号 | 状态 | 备注 |
| 1 | 1444395 | 214443958 | 自科库401/401自科库 47排7列1层/ [索取号:O211.6/Z862] | 在馆 | |
| 2 | 1444396 | 214443967 | 自科库401/401自科库 47排7列1层/ [索取号:O211.6/Z862] | 在馆 |